Student's guide for writing college papers (Record no. 4034)

MARC details
000 -LEADER
fixed length control field 00698nam a2200253 4500
001 - CONTROL NUMBER
control field 83658
003 - CONTROL NUMBER IDENTIFIER
control field OSt
005 - DATE AND TIME OF LATEST TRANSACTION
control field 20181128123025.0
008 - FIXED-LENGTH DATA ELEMENTS--GENERAL INFORMATION
fixed length control field 700709s1969 ilu b 00110 eng
010 ## - LIBRARY OF CONGRESS CONTROL NUMBER
LC control number 70088844
020 ## - INTERNATIONAL STANDARD BOOK NUMBER
International Standard Book Number 0226816138
040 ## - CATALOGING SOURCE
Original cataloging agency DLC
Transcribing agency DLC
Modifying agency m.c.
-- CIN
050 0# - LIBRARY OF CONGRESS CALL NUMBER
Classification number LB2369
Item number .T82 1969
082 ## - DEWEY DECIMAL CLASSIFICATION NUMBER
Classification number REF 808
Item number T929S
100 10 - MAIN ENTRY--PERSONAL NAME
Personal name Turabian, Kate L
245 10 - TITLE STATEMENT
Title Student's guide for writing college papers
Statement of responsibility, etc. [by] Kate L. Turabian
250 ## - EDITION STATEMENT
Edition statement 2d ed., rev
260 0# - PUBLICATION, DISTRIBUTION, ETC.
Place of publication, distribution, etc. Chicago,
Name of publisher, distributor, etc. University of Chicago Press
Date of publication, distribution, etc. [1969]
300 ## - PHYSICAL DESCRIPTION
Extent ix, 205 p.
Dimensions 22 cm
504 ## - BIBLIOGRAPHY, ETC. NOTE
Bibliography, etc. note Bibliography: p. 151-197
650 #0 - SUBJECT ADDED ENTRY--TOPICAL TERM
Topical term or geographic name entry element Report writing
650 #0 - SUBJECT ADDED ENTRY--TOPICAL TERM
Topical term or geographic name entry element Dissertations, Academic
942 ## - ADDED ENTRY ELEMENTS (KOHA)
Source of classification or shelving scheme Dewey Decimal Classification
Koha item type Reference
Holdings
Withdrawn status Lost status Source of classification or shelving scheme Damaged status Not for loan Collection code Home library Current library Shelving location Date acquired Cost, normal purchase price Total Checkouts Full call number Barcode Date last seen Price effective from Koha item type
    Dewey Decimal Classification   Not For Loan Reference Harvest Mission College Harvest Mission College Reference 28.11.2018 650.00   REF 808 T929S 004636 28.11.2018 28.11.2018 Books

OPAC Designed and Maintained by HMC Library Team.
Copyright © HMC Library,Greater Noida, UP.
For any Suggestions/Query Contact library via Email:libhmc@gmail.com